000 00353nam a2200133Ia 4500
008 231129s1994||||xx |||||||||||||| ||spa||
040 _bspa
082 _aR 320.01 G182m
100 _aGalvis Gaitán Fernando
245 0 _aManual de ciencia polí­tica
260 _c1994
264 _aEscuela Superior de Administración Pública
942 _2ddc
_cBKS
999 _c20325
_d20325